| 000 | 00368nam a2200133Ia 4500 | ||
|---|---|---|---|
| 005 | 20260328101453.0 | ||
| 008 | 260328s9999||||xx |||||||||||||| ||und|| | ||
| 100 | _aDerry, T.K. | ||
| 245 | 0 |
_aHistoria de la Tecnología - Volúmen 2 : _b Desde 1750 hasta 1900 / _cT.K. Derry |
|
| 260 | _bSiglo Veintiuno | ||
| 300 | _a380 p. | ||
| 650 | _aDISEÑO INDUSTRIAL | ||
| 942 | _cBK | ||
| 999 |
_c8727 _d8727 |
||